000 006290000a22001810004500
003 MACL
005 20160611160906.0
008 160611b xxu||||| |||| 00| 0 eng d
040 _aMACL
_cMACL
041 _aHindi
082 _a070
100 _aअनुराधा, आर
_964471
245 _aपत्रकारिता का महानायक सुरेंद्र प्रताप सिंह संचयन
_cआर अनुराधा
260 _aइलाहाबाद
_bराजकमल प्रकाशन
_c2011
350 _a550
650 _aMedia
_964472
942 _cHIN
_k070
_2ddc
999 _c48153
_d48153